CO SŁYSZYMY PODCZAS IMPREZY SPORTOWEJ? - Statystyki

Ogólne statystyki
  • Ten quiz został rozwiązany 20 razy
  • Średni wynik to 2 z 6
Statystyki odpowiedzi
Odpowiedź % Poprawnych
MUZYKĘ
59%
KRZYKI
47%
SPIKERA
35%
ŚPIEW
29%
GWIZDY
24%
KIBICOWANIE
12%
Nie znaleziono quizów pasujących do podanych kryteriów
Rozkład punktacji
Procent ludzi z każdym wynikiem
Percentyl według liczby udzielonych odpowiedzi
Twoja historia wyników
Nie rozwiązałeś tego quizu